Asian Countries - Statistics

General Stats
  • This quiz has been taken 16 times
  • The average score is 44 of 48
Answers on the Map
Answers color-coded by a green-red scale on the quiz's map according to % correct below.
 
Answer Stats
Answer % Correct
afghanistan
100%
azerbaijan
100%
bangladesh
100%
china
100%
india
100%
indonesia
100%
iran
100%
iraq
100%
israel
100%
japan
100%
kazakhstan
100%
kuwait
100%
lebanon
100%
myanmar
100%
nepal
100%
north korea
100%
oman
100%
pakistan
100%
philippines
100%
qatar
100%
saudi arabia
100%
south korea
100%
taiwan
100%
tajikistan
100%
turkey
100%
turkmenistan
100%
yemen
100%
bahrain
89%
cyprus
89%
jordan
89%
kyrgyzstan
89%
laos
89%
malaysia
89%
mongolia
89%
singapore
89%
sri lanka
89%
syria
89%
thailand
89%
united arab emirates
89%
vietnam
89%
armenia
78%
bhutan
78%
cambodia
78%
georgia
78%
timor leste
78%
maldives
67%
brunei
56%
russia
11%
No matching quizzes found
Score Distribution
Percent of People with Each Score
Percentile by Number Answered
Your Score History
You have not taken this quiz